Effectif Arsenal 24/25 par image - Statistiques

Statistiques générales
  • Ce quiz a été pris 27 fois
    6 depuis la dernière actualisation
  • Le résultat moyen est 28 sur 33
Statistiques - réponses
Par images Réponse % Correct
Aaron Ramsdale
100%
Ben White
100%
Bukayo Saka
100%
David Raya
100%
Declan Rice
100%
Ethan Nwaneri
100%
Gabriel
100%
Gabriel Jesus
100%
Gabriel Martinelli
100%
Jorginho
100%
Jurriën Timber
100%
Kai Havertz
100%
Kieran Tierney
100%
Leandro Trossard
100%
Martin Ødegaard
100%
Mikel Merino
100%
Myles Lewis-Skelly
100%
Neto
100%
Oleksandr Zinchenko
100%
Raheem Sterling
100%
Riccardo Calafiori
100%
Thomas Partey
100%
William Saliba
100%
Eddie Nketiah
67%
Jack Porter
67%
Jakub Kiwior
67%
Reiss Nelson
67%
Takehiro Tomiyasu
67%
Tommy Setford
67%
Ayden Heaven
33%
Josh Nichols
33%
Maldini Kacurri
33%
Nathan Butler-Oyedeji
33%
Aucun quiz correspondant
Distribution des résultats
% des personnes avec chaque résultat
Percentile par nombre de réponses
Votre historique - résultats
Vous n’avez pas pris ce quiz depuis la dernière actualisation